kku e-library facility

The Vertebrate Body (Record no. 163)

MARC details
000 -LEADER
fixed length control field 00380nam a22001337a 4500
005 - DATE AND TIME OF LATEST TRANSACTION
control field 20260218094656.0
008 - FIXED-LENGTH DATA ELEMENTS--GENERAL INFORMATION
fixed length control field 260218b |||||||| |||| 00| 0 eng d
100 ## - MAIN ENTRY--PERSONAL NAME
Personal name Romer Sherwood Alfred
245 ## - TITLE STATEMENT
Title The Vertebrate Body
Statement of responsibility, etc. /Alfred Sherwood Romer
250 ## - EDITION STATEMENT
Edition statement 2nd ed
260 ## - PUBLICATION, DISTRIBUTION, ETC.
Place of publication, distribution, etc. Philadelphia;
Name of publisher, distributor, etc. W. B. Saunders Company;
Date of publication, distribution, etc. 1955
300 ## - PHYSICAL DESCRIPTION
Extent viii, 644p. ill
Dimensions 24cm
942 ## - ADDED ENTRY ELEMENTS (KOHA)
Source of classification or shelving scheme Dewey Decimal Classification
Koha item type Books
Suppress in OPAC No

No items available.

©2025 All rights reserved. KKU